Online Catalogue and eLibrary

Mudrana shilpaya mulpotha (Record no. 1306)

MARC details
000 -LEADER
fixed length control field 00374nam a2200145Ia 4500
005 - DATE AND TIME OF LATEST TRANSACTION
control field 20250509040119.0
008 - FIXED-LENGTH DATA ELEMENTS--GENERAL INFORMATION
fixed length control field 240331s9999 xx 000 0 und d
082 ## - DDC Classification
Class No. 060
Item Number - Author Mark SIL
100 ## - MAIN ENTRY--PERSONAL NAME
Personal name Silva,K.A.S
245 #0 - TITLE STATEMENT
Title Mudrana shilpaya mulpotha
260 ## - PUBLICATION, DISTRIBUTION, ETC.
Place of publication, distribution, etc. Colombo
Name of publisher, distributor, etc. Lake House Investments
Date of publication, distribution, etc. 1973
300 ## - PHYSICAL DESCRIPTION
Extent (e.g. Volumes, Pages etc.) 80 p .,
500 ## - GENERAL NOTE
General note An Aid to the Study of Painting
942 ## - Koha item type (Biblio)
Koha item type Books in Stacks (Lending)
Holdings
Lost status Damaged status Collection code Home library Current library Shelving location Date acquired Full call number Accession Number Item type
    Lending WERC Library WERC Library Social Science Cupboard 03/31/2024 060 SIL 1037 Books in Stacks (Lending)

© WERC Library